Differenciál diagnózis
Elmentve itt :
| Szerző: | |
|---|---|
| Dokumentumtípus: | Prezentáció |
| Kulcsszavak: | diagnosztika orvostudomány |
| Tárgyszavak: | |
| Online Access: | http://eta.bibl.u-szeged.hu/1173 |
| LEADER | 00562nnm a2200169 i 4500 | ||
|---|---|---|---|
| 001 | eta1173 | ||
| 005 | 20190418135808.0 | ||
| 008 | 181129suuuu hu o 0|| hun d | ||
| 040 | |a SZTE Elektronikus Tananyag Archívum |b hun | ||
| 041 | |a hun | ||
| 100 | 1 | |a Deák Magdolna | |
| 245 | 1 | 0 | |a Differenciál diagnózis |h [elektronikus dokumentum] / |c Deák Magdolna |
| 516 | |a Presentation | ||
| 650 | 4 | |a Orvos- és egészségtudomány | |
| 695 | |a diagnosztika | ||
| 695 | |a orvostudomány | ||
| 856 | 4 | 0 | |u https://eta.bibl.u-szeged.hu/1173/1/differencial_diagnozis.pptx |z Dokumentum-elérés |